Normal view
MARC view
- World War, 1939-1945
Entry Topical Term
001 - CONTROL NUMBER
- control field: 98399
003 - CONTROL NUMBER IDENTIFIER
- control field: NUST
005 - DATE AND TIME OF LATEST TRANSACTION
- control field: 20220823170735.0
008 - FIXED-LENGTH DATA ELEMENTS
- fixed length control field: 220823|| aca||aabn | a|a d
040 ## - CATALOGING SOURCE
- Original cataloging agency: NUST
- Transcribing agency: NUST
150 ## - HEADING--TOPICAL TERM
- Topical term or geographic name entry element: World War, 1939-1945
- Geographic subdivision: Germany
- Geographic subdivision: Berlin
- Form subdivision: Fiction
670 ## - SOURCE DATA FOUND
- Source citation: Work cat.: (NUST)0: Chiaverini, Jennifer, author. 96077, Resistance women :
